[Event "PRO League Group Stage"]
[Site "chess.com INT"]
[Date "2019.02.19"]
[Round "7"]
[White "Sargsyan, Anna M."]
[Black "Regoli, Stephane"]
[Result "1-0"]
[WhiteTitle "WFM"]
[WhiteElo "2339"]
[BlackElo "2256"]
[WhiteTeam "Armenia Eagles"]
[BlackTeam "Marseille Migraines"]
[WhiteFideId "13308130"]
[BlackFideId "615110"]
[EventDate "2019.01.08"]

1. d4 d5 2. c4 e6 3. Nf3 Nf6 4. Nc3 Be7 5. Bf4 O-O 6. e3 Nbd7 7. c5 Ne4 8. Nxe4
dxe4 9. Nd2 e5 10. Bxe5 Nxe5 11. dxe5 Bxc5 12. Qc2 Bb4 13. O-O-O Bxd2+ 14. Rxd2
Qe7 15. Qxe4 Be6 16. a3 Rfd8 17. Bd3 g6 18. Rhd1 Bd5 19. Qf4 Bxg2 20. Bc4 Rxd2
21. Rxd2 Bh3 22. Qf3 Bf5 23. Qxb7 Re8 24. Qxa7 Qxe5 25. Qd4 Qxh2 26. Qd5 Be6 27.
Qc6 Re7 28. Qa8+ Kg7 29. Qd8 Bxc4 30. Qxe7 Be6 31. Qc5 Qg1+ 32. Kc2 Bf5+ 33. Kb3
h5 34. Qd4+ Kh7 35. a4 Be6+ 36. Kb4 Qc1 37. Qc3 Qf1 38. Rd8 Kh6 39. Rh8+ Kg5 40.
Qe5+ Bf5 41. Qf4+ Kf6 42. Qd4+ Kg5 43. f4+ Kg4 44. Rd8 Qe1+ 45. Qd2 Qg3 46. Qe2+
Qf3 47. Rd2 h4 48. a5 h3 49. Qxf3+ Kxf3 50. a6 Be4 51. a7 Kxe3 52. Rh2 Kxf4 53.
Rxh3 g5 54. Rh2 f5 55. Rf2+ Ke5 56. Re2 g4 57. a8=Q 1-0

[Event "PRO League Group Stage"]
[Site "chess.com INT"]
[Date "2019.02.19"]
[Round "7"]
[White "Van Wely, Loek"]
[Black "Sevian, Samuel"]
[Result "1-0"]
[WhiteTitle "GM"]
[BlackTitle "GM"]
[WhiteElo "2622"]
[BlackElo "2647"]
[WhiteTeam "Amsterdam Mosquitoes"]
[BlackTeam "Montclair Sopranos"]
[WhiteFideId "1000268"]
[BlackFideId "2040506"]
[EventDate "2019.01.08"]

1. Nf3 Nf6 2. c4 e6 3. Nc3 d5 4. d4 dxc4 5. e4 Bb4 6. Bg5 c5 7. e5 cxd4 8. Nxd4
Qa5 9. exf6 Bxc3+ 10. bxc3 Qxg5 11. fxg7 Qxg7 12. Qd2 O-O 13. Bxc4 Bd7 14. O-O
Nc6 15. Nf3 Rfd8 16. Rad1 Rac8 17. Qe3 Ne7 18. Bb3 Bc6 19. Rxd8+ Rxd8 20. Rd1
Rxd1+ 21. Bxd1 b6 22. Qd2 Bxf3 23. Bxf3 Qe5 24. g3 Kg7 25. Qd7 Ng6 26. Qxa7 Qxc3
27. Kg2 Ne5 28. Qb7 Qb2 29. Qe4 b5 30. Qe2 Qc3 31. Be4 b4 32. Bc2 Qc6+ 33. Qe4
f5 34. Qxc6 Nxc6 35. f4 Kf6 36. Kf2 e5 37. fxe5+ Kxe5 38. Ke3 Nd4 39. Bd1 Ne6
40. Kd3 f4 41. Kc4 fxg3 42. hxg3 Nd4 43. Kxb4 Nf5 44. g4 Ne3 45. Be2 Kd6 46. a4
Nd5+ 47. Kc4 Nf4 48. Bf3 Ng6 49. Kd4 Ne5 50. Be2 Nc6+ 51. Ke4 Ke6 52. Bb5 Na5
53. Kd4 Kf6 54. Kc5 Ke6 55. Kb6 Nb3 56. Bc4+ 1-0

[Event "PRO League Group Stage"]
[Site "chess.com INT"]
[Date "2019.02.19"]
[Round "7"]
[White "Lenderman, Aleksandr"]
[Black "Spoelman, Wouter"]
[Result "0-1"]
[WhiteTitle "GM"]
[BlackTitle "GM"]
[WhiteElo "2637"]
[BlackElo "2578"]
[WhiteTeam "Montclair Sopranos"]
[BlackTeam "Amsterdam Mosquitoes"]
[WhiteFideId "2021285"]
[BlackFideId "1010891"]
[EventDate "2019.01.08"]

1. d4 d5 2. c4 c6 3. cxd5 cxd5 4. Bf4 a6 5. Nc3 Nf6 6. e3 Nc6 7. Bd3 e6 8. Rc1
Bd6 9. Bxd6 Qxd6 10. f4 O-O 11. Nf3 Bd7 12. O-O Rac8 13. Ne5 Rfd8 14. Rf3 Be8
15. Rh3 g6 16. Qe1 Qe7 17. Qh4 Nh5 18. Qf2 Nf6 19. Rf1 Kg7 20. g4 h6 21. Qh4 Ng8
22. g5 Nxe5 23. dxe5 h5 24. Be2 d4 25. f5 exf5 26. exd4 Qb4 27. Rd3 Qxb2 28. Rb1
Qc2 29. Qe1 Rxd4 30. Rxd4 Rxc3 31. Qd1 Bc6 32. Qxc2 Rxc2 33. Kf1 Ne7 34. Rbd1 f4
35. R1d2 Rc1+ 36. Rd1 Rc5 37. Kf2 Rxe5 38. h4 Nd5 39. Bf3 Ne3 40. R1d2 Bxf3 41.
Kxf3 Nf5 42. Rxf4 Re3+ 43. Kg2 b5 44. a4 Rb3 45. axb5 axb5 46. Rd7 b4 47. Rb7
Rb2+ 48. Kf3 b3 49. Rfb4 Rb1 50. Kf2 Rh1 51. Rxb3 Rxh4 52. Rc3 Rf4+ 53. Ke1 Nd6
54. Rd7 Ne4 55. Rc4 Rg4 56. Rdd4 Rg1+ 57. Ke2 Nxg5 58. Kf2 Ra1 59. Rd5 Ne6 60.
Rd7 Ra5 61. Rc6 Rf5+ 62. Kg3 Kf6 63. Rc8 Kg5 64. Rh8 f6 65. Rd6 Nf4 66. Rd2 Re5
67. Kh2 h4 68. Rd1 Re2+ 69. Kh1 Nh5 70. Ra1 f5 71. Rb1 Kg4 72. Ra1 f4 73. Rb1
Ng3+ 74. Kg1 h3 75. Rxh3 Kxh3 76. Rb2 Re1+ 77. Kf2 Rf1# 0-1

[Event "PRO League Group Stage"]
[Site "chess.com INT"]
[Date "2019.02.19"]
[Round "7"]
[White "Vrolijk, Liam"]
[Black "Sturt, Raven"]
[Result "1-0"]
[WhiteTitle "IM"]
[BlackTitle "IM"]
[WhiteElo "2433"]
[BlackElo "2429"]
[WhiteTeam "Amsterdam Mosquitoes"]
[BlackTeam "Montclair Sopranos"]
[WhiteFideId "1048333"]
[BlackFideId "2007304"]
[EventDate "2019.01.08"]

1. d4 d5 2. c4 c6 3. Nf3 Nf6 4. Nc3 dxc4 5. a4 Bf5 6. Ne5 Nbd7 7. Nxc4 Nb6 8.
Ne5 a5 9. h4 h5 10. f3 Nfd7 11. e4 Be6 12. Nd3 Bc4 13. Bf4 e6 14. Be2 Be7 15. g3
Bf6 16. Be3 Ba6 17. Bf2 Be7 18. O-O g6 19. Kg2 Nf6 20. Rc1 Nbd7 21. Be3 Qb8 22.
Qd2 Kf8 23. Rfd1 Kg7 24. Bg5 Rd8 25. Qe3 Qa7 26. Bf4 Rac8 27. Nf2 Bb4 28. Bxa6
Qxa6 29. Nd3 Be7 30. Bg5 Qb6 31. Rd2 Re8 32. Rcd1 Nb8 33. Ne5 Rcd8 34. Qf4 Nbd7
35. Nc4 Qb4 36. Ne3 Nb6 37. Qe5 Nc4 38. Nxc4 Qxc4 39. Qxa5 b5 40. axb5 Bb4 41.
Qc7 Bxc3 42. bxc3 Qxb5 43. c4 Qb8 44. Qxc6 Rc8 45. Qb5 e5 46. Qxb8 Rxb8 47. dxe5
Rxe5 48. Bf4 1-0

[Event "PRO League Group Stage"]
[Site "chess.com INT"]
[Date "2019.02.19"]
[Round "7"]
[White "Foisor, Sabina-Francesca"]
[Black "Dek, Lennart"]
[Result "0-1"]
[WhiteTitle "WGM"]
[BlackTitle "FM"]
[WhiteElo "2276"]
[BlackElo "2335"]
[WhiteTeam "Montclair Sopranos"]
[BlackTeam "Amsterdam Mosquitoes"]
[WhiteFideId "1212915"]
[BlackFideId "1013114"]
[EventDate "2019.01.08"]

1. d4 d5 2. c4 c6 3. Nf3 Nf6 4. Nbd2 a6 5. e3 Bf5 6. Nh4 Bg4 7. f3 Be6 8. Bd3
dxc4 9. Nxc4 g5 10. Nf5 Bxc4 11. Bxc4 Qa5+ 12. Bd2 Qxf5 13. Qb3 Nbd7 14. Bxf7+
Kd8 15. Qxb7 Rb8 16. Qxa6 e6 17. Qxc6 Rb6 18. e4 Rxc6 19. exf5 exf5 20. Bxg5
Bb4+ 21. Kf2 Rc2+ 22. Kg3 Rxb2 23. Rab1 Bd6+ 24. Bf4 Bxf4+ 25. Kxf4 Rxg2 26.
Kxf5 Rf8 0-1

[Event "PRO League Group Stage"]
[Site "chess.com INT"]
[Date "2019.02.19"]
[Round "7"]
[White "Andreikin, Dmitry"]
[Black "Sevian, Samuel"]
[Result "0-1"]
[WhiteTitle "GM"]
[BlackTitle "GM"]
[WhiteElo "2725"]
[BlackElo "2647"]
[WhiteTeam "Volga Stormbringers"]
[BlackTeam "Montclair Sopranos"]
[WhiteFideId "4158814"]
[BlackFideId "2040506"]
[EventDate "2019.01.08"]

1. e4 e5 2. Nf3 Nc6 3. Bb5 a6 4. Ba4 g6 5. d4 exd4 6. Nxd4 Bg7 7. Nxc6 bxc6 8.
O-O Ne7 9. Nc3 O-O 10. Bg5 Rb8 11. Bb3 h6 12. Be3 d6 13. Ba7 Rxb3 14. axb3 c5
15. b4 Nc6 16. Bxc5 dxc5 17. bxc5 Qe7 18. Qd5 Nd4 19. Qc4 c6 20. Ra4 Rd8 21. Rd1
Qg5 22. Kh1 Bg4 23. f3 Be6 24. Qxa6 Qxc5 25. Qa5 Qxa5 26. Rxa5 Rb8 27. Na4 Nxc2
28. Nc5 Nd4 29. Nxe6 Nxe6 30. g3 g5 31. Rd7 Bxb2 32. Rf5 Rf8 33. Rb7 Bd4 34. f4
gxf4 35. gxf4 Be3 36. Rb2 Rd8 37. Kg2 Bxf4 38. Rb7 Rf8 39. h4 Be3 40. Kf3 Bd4
41. Kg4 c5 42. Rb6 c4 43. Rc6 c3 44. Rd5 Rb8 45. Rxe6 fxe6 46. Rxd4 Rc8 47. Rd1
c2 48. Rc1 Kg7 49. e5 Rc4+ 50. Kh5 Kh7 51. Rg1 Rc5 52. Rc1 Rxe5+ 53. Kg4 Rc5 54.
h5 Kg7 55. Kf4 Kf6 56. Ke4 e5 57. Kd3 Ke6 58. Kd2 Kd5 59. Kd3 e4+ 60. Ke3 Ke5
61. Kd2 Kd4 62. Ke2 e3 63. Rf1 c1=Q 64. Rf4+ Ke5 65. Re4+ Kf6 0-1

[Event "PRO League Group Stage"]
[Site "chess.com INT"]
[Date "2019.02.19"]
[Round "7"]
[White "Lenderman, Aleksandr"]
[Black "Frolyanov, Dmitry"]
[Result "0-1"]
[WhiteTitle "GM"]
[BlackTitle "GM"]
[WhiteElo "2637"]
[BlackElo "2517"]
[WhiteTeam "Montclair Sopranos"]
[BlackTeam "Volga Stormbringers"]
[WhiteFideId "2021285"]
[BlackFideId "4151976"]
[EventDate "2019.01.08"]

1. Nf3 d5 2. e3 Nf6 3. c4 e6 4. Nc3 a6 5. b3 Bd6 6. Bb2 b6 7. cxd5 exd5 8. d4
Nbd7 9. g3 Bb7 10. Bg2 O-O 11. O-O Qe7 12. Qc2 Rfe8 13. Rac1 Rac8 14. Rfd1 Nf8
15. Ne2 Ng6 16. Nf4 Ne4 17. Bh3 Rcd8 18. Nd3 h5 19. Nde5 Qf6 20. Bg2 h4 21. Nxg6
hxg3 22. Nge5 gxf2+ 23. Kf1 a5 24. Qe2 Ra8 25. Rd3 Ba6 26. Rcd1 Qh6 27. Ng4 Qh7
28. Nxf2 Bxh2 29. Nh1 Re6 30. Ke1 Rh6 31. Nxh2 Rxh2 32. Qf3 Re8 33. R3d2 Ng5 34.
Qxd5 Qh4+ 35. Rf2 Rxh1+ 36. Bxh1 Rxe3+ 37. Kd2 Qxf2+ 38. Kc1 Re2 39. Ba3 Qe3+
40. Kb1 Bd3+ 41. Ka1 Re1 42. Rxe1 Qxe1+ 43. Kb2 Qb1+ 44. Kc3 Qc2# 0-1

[Event "PRO League Group Stage"]
[Site "chess.com INT"]
[Date "2019.02.19"]
[Round "7"]
[White "Bryakin, Mikhail"]
[Black "Sturt, Raven"]
[Result "0-1"]
[WhiteTitle "FM"]
[BlackTitle "IM"]
[WhiteElo "2426"]
[BlackElo "2429"]
[WhiteTeam "Volga Stormbringers"]
[BlackTeam "Montclair Sopranos"]
[WhiteFideId "4165314"]
[BlackFideId "2007304"]
[EventDate "2019.01.08"]

1. d4 d5 2. Nf3 Nf6 3. c4 c6 4. Nc3 dxc4 5. e3 b5 6. a4 b4 7. Na2 e6 8. Bxc4
Nbd7 9. O-O Be7 10. Qe2 O-O 11. Rd1 Bb7 12. Bd2 a5 13. Be1 Nb6 14. Bb3 Ba6 15.
Qc2 Qc7 16. Nc1 Nfd7 17. Nd3 Rac8 18. Rac1 Qa7 19. Nc5 Nxc5 20. dxc5 Nd7 21. Bc4
Nxc5 22. Bxa6 Qxa6 23. b3 Rfd8 24. Ne5 f6 25. Nc4 e5 26. f3 g6 27. Bf2 Ne6 28.
h4 Qa7 29. h5 Kf7 30. Qe4 Nc5 31. Qc2 Qc7 32. e4 Rxd1+ 33. Rxd1 Ne6 34. Nb6 Rd8
35. Rxd8 Qxd8 36. Qxc6 Qd1+ 37. Kh2 Qe2 38. Kg1 Qd1+ 39. Kh2 Qe2 40. Kg1 Qd1+
41. Kh2 Qd2 42. Kg1 gxh5 43. Qd5 Qxd5 44. exd5 Nc5 45. d6 Bxd6 46. Nc4 Ke6 47.
Bxc5 Bxc5+ 48. Kf1 Kd5 49. Nxa5 Kd4 50. Ke2 Kc3 51. Ke1 h4 52. Ke2 f5 53. Ke1 h5
54. Ke2 Bd4 55. Nc6 Kxb3 56. a5 Bc5 57. Nxe5 Kc3 58. Nd3 Ba7 59. Nf4 b3 60. Nd5+
Kc2 61. Nb4+ Kc3 62. Nd5+ Kc4 63. Ne3+ Bxe3 64. Kxe3 b2 65. a6 b1=Q 66. a7 Qg1+ 0-1

[Event "PRO League Group Stage"]
[Site "chess.com INT"]
[Date "2019.02.19"]
[Round "7"]
[White "Foisor, Sabina-Francesca"]
[Black "Ivlev, Aleksey"]
[Result "1-0"]
[WhiteTitle "WGM"]
[BlackTitle "FM"]
[WhiteElo "2276"]
[BlackElo "2326"]
[WhiteTeam "Montclair Sopranos"]
[BlackTeam "Volga Stormbringers"]
[WhiteFideId "1212915"]
[BlackFideId "24185949"]
[EventDate "2019.01.08"]

1. d4 d5 2. c4 c6 3. Nf3 Nf6 4. Nbd2 g6 5. e3 Bg7 6. Be2 O-O 7. O-O Bf5 8. b4 a5
9. Ba3 axb4 10. Bxb4 Na6 11. Ba3 Ne4 12. Nxe4 Bxe4 13. Nd2 Bf5 14. cxd5 cxd5 15.
Qb3 Qa5 16. Nf3 Bf6 17. Rac1 Nb8 18. Rc3 Nd7 19. Rfc1 Nb6 20. Qb5 Qxb5 21. Bxb5
Nc4 22. Bb4 Rxa2 23. Bxc4 dxc4 24. Rxc4 Ra4 25. Bc5 Rxc4 26. Rxc4 Ra8 27. h3 Be4
28. Rb4 Ra1+ 29. Kh2 Ra2 30. Kg3 e6 31. h4 Bd8 32. Bd6 Bd5 33. Ng5 Ba5 34. Rb1
h6 35. Nh3 Be4 36. Rc1 Bd2 37. Rc8+ Kg7 38. Be5+ f6 39. Rc7+ Kg8 40. Bxf6 b5 41.
Nf4 Bf5 42. Kf3 h5 43. e4 Bg4+ 44. Kg3 Be1 45. Rg7+ Kf8 46. Nxg6+ Ke8 47. Re7+
Kd8 48. Ra7+ Kc8 49. Rxa2 Bc3 50. Ra7 b4 51. Ne7+ Kb8 52. Nc6+ Kc8 53. Be5 1-0

[Event "PRO League Group Stage"]
[Site "chess.com INT"]
[Date "2019.02.19"]
[Round "7"]
[White "Andriasian, Zaven"]
[Black "Van Wely, Loek"]
[Result "0-1"]
[WhiteTitle "GM"]
[BlackTitle "GM"]
[WhiteElo "2604"]
[BlackElo "2622"]
[WhiteTeam "Armenia Eagles"]
[BlackTeam "Amsterdam Mosquitoes"]
[WhiteFideId "13302000"]
[BlackFideId "1000268"]
[EventDate "2019.01.08"]

1. e4 c5 2. Nc3 e6 3. Nf3 a6 4. d4 cxd4 5. Nxd4 Qc7 6. Bd3 Nf6 7. a4 b6 8. Qe2
d6 9. O-O Nbd7 10. f4 Bb7 11. Kh1 Be7 12. Bd2 O-O 13. Rae1 Rfd8 14. Nf3 Nc5 15.
b4 Nxd3 16. cxd3 Rac8 17. Rc1 Qb8 18. Be3 Ba8 19. Bd4 Rd7 20. Qb2 Rdc7 21. h3
Nh5 22. Ne2 b5 23. a5 Rxc1 24. Rxc1 Rxc1+ 25. Qxc1 f5 26. Qe3 fxe4 27. dxe4 Qb7
28. e5 Qe4 29. exd6 Bxd6 30. Qc3 h6 31. Qc8+ Kh7 32. Nc3 Qb7 33. Qxe6 Qe7 34.
Qf5+ g6 35. Qc8 Qf8 36. Qxa6 Bxf3 37. gxf3 Qxf4 38. Qb7+ Bc7 39. Kg1 Qxd4+ 40.
Kf1 Qxc3 41. a6 Qc1+ 42. Kf2 Qc2+ 43. Ke3 Qc3+ 44. Kf2 Nf4 45. Qe4 Qd2+ 46. Kf1
Qc1+ 47. Kf2 Bb6+ 48. Kg3 Qg1+ 49. Kxf4 Qh2+ 50. Kg4 h5+ 51. Kg5 Bd8+ 52. Qe7+
Bxe7# 0-1

[Event "PRO League Group Stage"]
[Site "chess.com INT"]
[Date "2019.02.19"]
[Round "7"]
[White "Spoelman, Wouter"]
[Black "Ter-Sahakyan, Samvel"]
[Result "0-1"]
[WhiteTitle "GM"]
[BlackTitle "GM"]
[WhiteElo "2578"]
[BlackElo "2574"]
[WhiteTeam "Amsterdam Mosquitoes"]
[BlackTeam "Armenia Eagles"]
[WhiteFideId "1010891"]
[BlackFideId "13302531"]
[EventDate "2019.01.08"]

1. c4 e5 2. Nc3 Nf6 3. Nf3 Nc6 4. e3 Bb4 5. Qc2 O-O 6. Nd5 Re8 7. Qf5 Be7 8.
Nxe5 Nb4 9. Nf3 d6 10. Nxe7+ Qxe7 11. Qb1 Qe4 12. d3 Qg6 13. Bd2 a5 14. a3 Nc6
15. Qc2 d5 16. cxd5 Nxd5 17. Be2 Nf4 18. Bc3 Nxg2+ 19. Kd2 Bh3 20. Rhg1 Qh6 21.
Rxg2 Bxg2 22. Rg1 Bxf3 23. Bxg7 Qxh2 24. Rg5 Qxf2 25. Bh6+ Kh8 26. Qc3+ Re5 27.
Bg7+ Kg8 28. Bxe5+ Kf8 29. Qc5+ Ne7 30. Bg7+ Ke8 31. Re5 Qxe2+ 32. Kc3 Qe1+ 33.
Kb3 Bd5+ 34. Qxd5 Ra6 35. Qc5 Re6 36. Rxe6 fxe6 37. Bf6 Nd5 38. Qb5+ c6 39. Qxb7
Nxf6 40. Qxc6+ Kf7 41. Qc7+ Kg6 42. Qf4 Qd1+ 43. Ka2 Qxd3 44. Qg3+ Kf7 45. Qc7+
Qd7 46. Qf4 Qd5+ 47. Ka1 Qf5 48. Qc7+ Kg6 49. Qg3+ Qg5 50. Qf3 h5 51. e4 h4 52.
Qd3 Kh6 53. b4 axb4 54. axb4 Qe5+ 55. Ka2 Qxe4 56. Qd2+ Kg6 57. Ka3 Qf3+ 58. Ka4
Qa8+ 59. Kb3 Qd5+ 0-1

[Event "PRO League Group Stage"]
[Site "chess.com INT"]
[Date "2019.02.19"]
[Round "7"]
[White "Gabrielian, Artur"]
[Black "Vrolijk, Liam"]
[Result "1-0"]
[WhiteTitle "GM"]
[BlackTitle "IM"]
[WhiteElo "2490"]
[BlackElo "2433"]
[WhiteTeam "Armenia Eagles"]
[BlackTeam "Amsterdam Mosquitoes"]
[WhiteFideId "4131002"]
[BlackFideId "1048333"]
[EventDate "2019.01.08"]

1. e4 e5 2. Nf3 Nc6 3. Bc4 Bc5 4. d3 Nf6 5. Bg5 h6 6. Bh4 Be7 7. Bg3 d6 8. a4
O-O 9. h3 a5 10. Bh2 Nh7 11. Nc3 Kh8 12. d4 Ng5 13. Nxg5 Bxg5 14. dxe5 dxe5 15.
Qxd8 Bxd8 16. O-O-O Be6 17. Bd5 Bf6 18. Nb5 Bd8 19. f3 Re8 20. c3 f6 21. Kc2 Kg8
22. Bxe6+ Rxe6 23. Rd7 Re7 24. Rd5 Kf7 25. Rhd1 Ke8 26. Bg1 Rf7 27. g4 Rc8 28.
h4 Ne7 29. Rxd8+ 1-0

[Event "PRO League Group Stage"]
[Site "chess.com INT"]
[Date "2019.02.19"]
[Round "7"]
[White "Dek, Lennart"]
[Black "Sargsyan, Anna M."]
[Result "1-0"]
[WhiteTitle "FM"]
[BlackTitle "WFM"]
[WhiteElo "2335"]
[BlackElo "2339"]
[WhiteTeam "Amsterdam Mosquitoes"]
[BlackTeam "Armenia Eagles"]
[WhiteFideId "1013114"]
[BlackFideId "13308130"]
[EventDate "2019.01.08"]

1. e4 c6 2. d4 d5 3. exd5 cxd5 4. Bd3 Nc6 5. c3 Nf6 6. Bf4 g6 7. Nf3 Bg7 8. h3
O-O 9. Nbd2 a6 10. Qe2 b5 11. a3 Nh5 12. Bh2 Bh6 13. O-O Nf4 14. Bxf4 Bxf4 15.
Nb3 Qc7 16. Rfe1 Re8 17. Ne5 e6 18. g3 Bh6 19. f4 Bg7 20. a4 b4 21. Rac1 Qb6 22.
Nxc6 Qxc6 23. Nc5 bxc3 24. bxc3 Bf8 25. Ne4 Be7 26. a5 Bd7 27. Ng5 Bxg5 28. fxg5
Qc7 29. Kh2 Qxa5 30. Rf1 Qd8 31. Qe5 Qb8 32. Qf6 Rf8 33. h4 Qd8 34. Qf4 Rb8 35.
Rc2 e5 36. dxe5 Be6 37. h5 a5 38. Rcf2 Qe7 39. h6 a4 40. Qxa4 Ra8 41. Qf4 Rac8
42. Rc2 Rcd8 43. Qf6 Qc7 44. Qg7# 1-0

[Event "PRO League Group Stage"]
[Site "chess.com INT"]
[Date "2019.02.19"]
[Round "7"]
[White "Vallejo Pons, Francisco"]
[Black "Moranda, Wojciech"]
[Result "1-0"]
[WhiteTitle "GM"]
[BlackTitle "GM"]
[WhiteElo "2698"]
[BlackElo "2593"]
[WhiteTeam "Barcelona Raptors"]
[BlackTeam "New York Marshalls"]
[WhiteFideId "2205530"]
[BlackFideId "1122401"]
[EventDate "2019.01.08"]

1. d4 d6 2. e4 Nf6 3. f3 e5 4. dxe5 dxe5 5. Qxd8+ Kxd8 6. Bc4 Ke7 7. b3 Be6 8.
Nd2 Nc6 9. Bb2 Rd8 10. O-O-O Bxc4 11. Nxc4 Rxd1+ 12. Kxd1 Ke6 13. Nh3 Bd6 14.
Ke2 b5 15. Ne3 g6 16. Rd1 Nd4+ 17. Rxd4 exd4 18. Bxd4 h6 19. Nd5 Be5 20. Nhf4+
Kd6 21. Bxe5+ Kxe5 22. Nd3+ Ke6 23. Nxc7+ Ke7 24. Nxb5 a6 25. Nd4 Nd7 26. c4 Rc8
27. Nb4 Nc5 28. Nd5+ Kd6 29. b4 Ne6 30. Kd3 Ke5 31. Ne2 a5 32. f4+ Nxf4+ 33.
Nexf4 axb4 34. Ne2 Rb8 35. Nd4 Ra8 36. Nxb4 Ra3+ 37. Nb3 Ra4 38. Kc3 Kxe4 39. c5
Ke5 40. Kc4 f5 41. c6 Kd6 42. Nd4 Kc7 43. Nb5+ Kb6 44. c7 Kb7 45. Kc5 g5 46. Nd5
Rxa2 47. Nd6+ 1-0

[Event "PRO League Group Stage"]
[Site "chess.com INT"]
[Date "2019.02.19"]
[Round "7"]
[White "Azarov, Sergei"]
[Black "Ponomariov, Ruslan"]
[Result "1/2-1/2"]
[WhiteTitle "GM"]
[BlackTitle "GM"]
[WhiteElo "2575"]
[BlackElo "2664"]
[WhiteTeam "New York Marshalls"]
[BlackTeam "Barcelona Raptors"]
[WhiteFideId "13501470"]
[BlackFideId "14103320"]
[EventDate "2019.01.08"]

1. e4 c6 2. d4 d5 3. e5 c5 4. dxc5 e6 5. a3 Nc6 6. Nf3 Bxc5 7. Bd3 f6 8. b4 Bb6
9. Bb2 fxe5 10. b5 Nd4 11. Nxd4 exd4 12. Qh5+ Kf8 13. O-O Nf6 14. Qe2 Qd6 15. f4
Ne4 16. Nd2 Nc3 17. Qh5 Bd7 18. f5 e5 19. f6 gxf6 20. Rxf6+ Qxf6 21. Rf1 Qxf1+
22. Bxf1 Re8 23. Nf3 e4 24. Qh6+ Ke7 25. Qg5+ Kf7 26. Qf4+ Kg7 27. Qg5+ Kf7 28.
Qf4+ Kg7 29. Qg3+ Kf7 30. Qf4+ Kg7 1/2-1/2

[Event "PRO League Group Stage"]
[Site "chess.com INT"]
[Date "2019.02.19"]
[Round "7"]
[White "Diaz Camallonga, Carles"]
[Black "Khamrakulov, Djurabek"]
[Result "0-1"]
[WhiteTitle "IM"]
[BlackTitle "GM"]
[WhiteElo "2432"]
[BlackElo "2503"]
[WhiteTeam "Barcelona Raptors"]
[BlackTeam "New York Marshalls"]
[WhiteFideId "22235256"]
[BlackFideId "14201143"]
[EventDate "2019.01.08"]

1. e4 c6 2. Nf3 d5 3. Nc3 Bg4 4. Be2 e6 5. d4 Bb4 6. O-O Nd7 7. e5 Ne7 8. a3 Ba5
9. b4 Bc7 10. Nb1 O-O 11. Nbd2 f6 12. exf6 Rxf6 13. Bb2 Ng6 14. Ne5 Bxe2 15.
Qxe2 Ndxe5 16. dxe5 Rf5 17. g3 Bxe5 18. Bxe5 Rxe5 19. Qd3 Qb6 20. Nf3 Rf5 21.
Rae1 Raf8 22. Nd4 Ne5 23. Rxe5 Rxe5 24. Kg2 c5 25. bxc5 Qxc5 26. f4 Re4 27. c3
Rc8 28. Rf3 g6 29. h4 Qxa3 30. h5 Qb2+ 31. Kh3 Qc1 32. Kg2 Rc4 33. hxg6 hxg6 34.
f5 Rexd4 35. cxd4 Qc2+ 0-1

[Event "PRO League Group Stage"]
[Site "chess.com INT"]
[Date "2019.02.19"]
[Round "7"]
[White "Xu, Grant"]
[Black "Cubas Cabrera, Angel Luis"]
[Result "1-0"]
[WhiteElo "2207"]
[BlackElo "2083"]
[WhiteTeam "New York Marshalls"]
[BlackTeam "Barcelona Raptors"]
[WhiteFideId "2052318"]
[BlackFideId "32046561"]
[EventDate "2019.01.08"]

1. e4 e5 2. Nf3 Nc6 3. Bc4 Bc5 4. c3 Nf6 5. d3 a6 6. Bb3 d6 7. Nbd2 h6 8. h3 Be6
9. Nf1 d5 10. Qe2 O-O 11. Ng3 Re8 12. O-O Bf8 13. Rd1 Qd7 14. Nh4 Rad8 15. Nhf5
Kh7 16. Qf3 Ng8 17. Ne3 d4 18. Nd5 Nge7 19. Nxe7 Qxe7 20. Nf5 Qf6 21. Bc2 Ne7
22. cxd4 exd4 23. Nxe7 Qxf3 24. gxf3 Bxe7 25. Bf4 Bxh3 26. Kh2 Be6 27. Rac1 Bd6
28. Bg3 c6 29. f4 f6 30. f5 Bf7 31. f4 Kg8 32. Re1 Bb8 33. e5 Bd5 34. Re2 Kf8
35. Rce1 Bc7 36. Bh4 Kf7 37. a3 c5 38. Kh3 b5 39. e6+ Kg8 40. Rg1 Kh8 41. Rf2
Re7 42. Bd1 c4 43. Bh5 c3 44. bxc3 dxc3 45. Rc1 Ba5 46. Rfc2 Bb7 47. Rxc3 Bxc3
48. Rxc3 Kg8 49. Bf7+ Kf8 50. Bf2 Rxf7 51. exf7 Rd7 52. Bc5+ Kxf7 53. d4 Bd5 54.
Kg4 Bc4 55. Re3 Rb7 56. Re1 Rd7 57. Re3 Rb7 58. Re1 a5 59. Rc1 Bd5 60. Rb1 Rb8
61. Rb2 Rb7 62. Rb1 Bc4 63. Rb2 Rb8 64. Rb1 Re8 65. Kf3 Be2+ 66. Kf2 Bc4 67. Kf3
Re2 68. Rc1 Rd2 69. Bb6 Rd3+ 70. Ke4 Rxa3 71. d5 Rd3 72. Bxa5 Rxd5 73. Rxc4 Rd1
74. Rc7+ Kg8 75. Bb4 Rb1 76. Bd6 b4 77. Rb7 b3 78. Bc5 h5 79. Bd4 h4 80. Kf3 Rd1
81. Be3 Rd3 82. Ke2 Rc3 83. Kd2 Rc2+ 84. Kd3 Rb2 85. Bd4 Rb1 86. Rb8+ Kh7 87.
Ke2 Kh6 88. Kf3 Kh7 89. Kg4 Rd1 90. Bf2 Rd2 91. Bxh4 b2 92. Kf3 Rh2 93. Bf2 Rh3+
94. Bg3 Rh1 95. Rxb2 Rf1+ 96. Kg4 Rd1 97. Rb7 Rc1 98. Bh4 Kg8 99. Kh5 Rg1 100.
Rb8+ Kf7 101. Rb7+ Kg8 102. Rc7 Kf8 103. Ra7 Kg8 104. Bf2 Rg2 105. Bh4 Kf8 106.
Ra8+ Kf7 107. Rc8 Rg1 108. Rc3 Rg2 109. Rg3 Rf2 110. Kg4 Rh2 111. Rh3 Rg2+ 112.
Kh5 Kg8 113. Rg3 Rf2 114. Rxg7+ Kxg7 115. Bxf2 Kh7 116. Bh4 Kg7 117. Kg4 Kf7
118. Kf3 Kg7 119. Ke4 Kf7 120. Kd5 Ke7 121. Kc6 Kf7 122. Kd7 Kg7 123. Ke7 Kh6
124. Kxf6 Kh7 125. Bg5 Kg8 126. Ke7 Kg7 127. f6+ Kg8 128. f7+ Kh7 129. f8=Q Kg6
130. Qh6+ Kf5 131. Qf6+ Ke4 132. Qe5+ Kd3 133. f5 Kc2 134. f6 Kb1 135. f7 Ka2
136. Qb5 Ka1 137. f8=Q Ka2 138. Qa8# 1-0

[Event "PRO League Group Stage"]
[Site "chess.com INT"]
[Date "2019.02.19"]
[Round "7"]
[White "Moranda, Wojciech"]
[Black "Andreikin, Dmitry"]
[Result "1-0"]
[WhiteTitle "GM"]
[BlackTitle "GM"]
[WhiteElo "2593"]
[BlackElo "2725"]
[WhiteTeam "New York Marshalls"]
[BlackTeam "Volga Stormbringers"]
[WhiteFideId "1122401"]
[BlackFideId "4158814"]
[EventDate "2019.01.08"]

1. d4 d5 2. c4 dxc4 3. Nf3 a6 4. e3 Bg4 5. Bxc4 e6 6. O-O Nc6 7. b3 Bd6 8. Bb2
Nf6 9. Be2 O-O 10. Nbd2 Qe7 11. Nc4 Rac8 12. Nfe5 Bxe2 13. Qxe2 Nb8 14. Rac1 h6
15. Rc2 b5 16. Na5 c5 17. dxc5 Qc7 18. Nac6 Bxe5 19. Nxe5 Nd5 20. Qg4 f5 21. Qg6
Qe7 22. Qg3 Nc6 23. Ng6 Qb7 24. Nxf8 Rxf8 25. a3 f4 26. exf4 Nxf4 27. Re1 e5 28.
Rd2 Rf5 29. Qf3 Rg5 30. g3 Nh3+ 31. Kg2 Qc8 32. Kh1 Rf5 33. Qd5+ Kh7 34. Kg2 Ng5
35. Qd7 Rxf2+ 36. Kxf2 Qf8+ 37. Kg2 Qf3+ 38. Kg1 Qxb3 39. Qd3+ 1-0